[Event "Gold Coast op"]
[Site "Gold Coast"]
[Date "2018.06.29"]
[Round "3"]
[White "Silva, KWCU"]
[Black "Narayanan, Srinath"]
[Result "0-1"]
[WhiteElo "1843"]
[BlackElo "2549"]
[PlyCount "76"]
[EventDate "2018.06.28"]
[EventType "swiss"]
[EventRounds "9"]
[EventCountry "AUS"]
[SourceTitle "CBM 185 Extra"]
[Source "ChessBase"]
[SourceDate "2018.07.29"]
[SourceVersion "1"]
[SourceVersionDate "2018.07.29"]
[SourceQuality "1"]

1. Nf3 c5 2. g3 Nc6 3. Bg2 e5 4. e4 g6 5. 0-0 Bg7 6. Nc3 Nge7 7. d3 0-0 8. Be3 d6 9. Qd2 f5 10. Bh6 f4 11. Bxg7 Kxg7 12. Ne2 Bg4 13. gxf4 Bxf3 14. Bxf3 Nd4 15. Nxd4 cxd4 16. f5 gxf5 17. Qg5+ Ng6 18. Qxd8 Raxd8 19. exf5 Nf4 20. Rae1 Rc8 21. Bd1 Rxf5 22. h4 Rcf8 23. Kh2 Nd5 24. Kg3 Ne3 25. fxe3 Rxf1 26. Rxf1 Rxf1 27. Be2 Re1 28. Kf2 Rc1 29. exd4 exd4 30. c4 dxc3 31. bxc3 Rxc3 32. Ke3 b5 33. Bd1 a5 34. Kd4 Rc5 35. Bf3 b4 36. Bd1 Kf6 37. Ke4 Rc1 38. Bb3 Rh1 0-1

[Event "Ambalangoda Dhamso op 4th"]
[Site "Ambalangoda"]
[Date "2014.05.01"]
[Round "3"]
[White "Jayaweera, Sayuni Gihansa"]
[Black "Silva, KWCU"]
[Result "0-1"]
[WhiteElo "1420"]
[BlackElo "1855"]
[PlyCount "44"]
[EventDate "2014.04.30"]
[EventType "swiss"]
[EventRounds "9"]
[EventCountry "SRI"]
[SourceTitle "CBM 160 Extra"]
[Source "ChessBase"]
[SourceDate "2014.07.01"]
[SourceVersion "1"]
[SourceVersionDate "2014.07.01"]
[SourceQuality "1"]

1. d4 d5 2. c4 Nc6 3. Nf3 Bg4 4. cxd5 Bxf3 5. dxc6 Bxc6 6. Nc3 Nf6 7. Bg5 e6 8. e3 Be7 9. Bb5 Bxb5 10. Nxb5 c6 11. Nc3 Qa5 12. Bxf6 Bxf6 13. 0-0 0-0 14. a3 Rfd8 15. b4 Qc7 16. Ne4 Be7 17. Qb3 e5 18. dxe5 Qxe5 19. Qc2 Rd7 20. Rfd1 Rad8 21. Rxd7 Rxd7 22. Nc5 Qxa1+ 0-1